000 00569nam a2200241Ia 4500
003 OSt
005 20220912152524.0
006 a|||||r|||| 00| 0
007 ta
008 220909b |||||||| |||| 00| 0 eng d
024 _a43814
037 _cTextual
040 _aCSL
_beng
_cCSL
041 _aeng
082 _aG5, F3
100 _aGoldschmidt R
245 0 _aMechanism and physiology of sex determination
260 _c1923
300 _ap.
_ccm.
650 _aBiology
942 _hG5, F3
_cTEXL
_2CC
999 _c87717
_d87717